中国大陆建设跨座式单轨,最终停工无法开通的城市 - Statistics

General Stats
  • This quiz has been taken 34 times
  • The average score is 3 of 6
Answer Stats
开工时间 停工时间 地级行政区 % Correct
2016 未知 柳州
100%
2017 2018 桂林
55%
2017 2018 广安
42%
2017 未知 安阳
33%
2017 未知 济宁
24%
2016 2018 汕头
18%
No matching quizzes found
Score Distribution
Percent of People with Each Score
Percentile by Number Answered
Your Score History
You have not taken this quiz